000 00442nam a2200181Ia 4500
001 13515
005 20260306164806.0
008 260306t2017||||xx |||||||||||||| ||spa||
041 _aESP
082 _a004.6
_bG314
100 _aGajjar, Manish J.
_eAUT
245 0 _aMobile sensors and context-aware computing
260 _c2017
300 _axv, 340 páginas :
_c23 cm.
650 _aGEN
654 _aCCC
942 _cLIB
_dJUS
_fJUS
_2ddc
_n
999 _c13515
_d13515